00998nam a2200289Ia 450000500170000000800390001702000150005608200150007110000210008624501230010725000220023030000250025249000300027750000210030750400260032865000480035465000320040265000430043465000420047770000160051970000170053526400330055233600270058533700330061233800280064504000350067320220317000558.0160601s2005 ag g 000 0 spa a950126118204a372.5bA771 aAkoschky, Judith10aArtes y escuelabaspectos curriculares y didácticos de la educación artísticacJudith Akoschky... [y otros ocho] aPrimera edición a311 páginasc22 cm aCuestiones de educación aIncluye índice aIncluye biblografía142LEMBaArtexEnseñanza elementalzEspaña142LEMBaPsicología del arte142LEMBaEducación de niñoszEspaña142LEMBaMúsicaxEnseñanza elemental1 aBrandt, Ema1 aCalvo, Marta aBuenos AiresbPaidósc2005 atextobtxt2rdacontent asin mediaciónbn2rdamedia avolumenbnc2rdacarrier aCO-BoRNBPbspaerdacCO-BoRNBP